00579nam a2200169Ia 4500008004100000020002200041082001600063100002800079245009400107250000600201260003300207300001000240500002900250650002000279952009300299999001700392120629s9999 xx 000 0 und d a978-970-686-830-5 a657.45 O81a aOsorio Sánchez,Israel aAuditoría : fundamentos de auditoría de estados financieros / Israel Osorio Sánchez a4 aAustralia : CENGAGE Learning a256 p aBibliografía y resumen a1. AUDITORIAÌ 00104070a15b15d2010-02-15l0o657.45 O81Ap15 003573r2017-12-07t1w2012-06-28yLB c76826d76826